Lyžiarske centrum a kabíny

Uložené v:
Podrobná bibliografia
Hlavný autor: Bím, Lukáš (Autor)
Ďalší autori: Šimkovič, Vladimír (Vedúci práce)
Médium: Rukopis Kniha
Jazyk:Slovak
Vydavateľské údaje: 2024
Predmet:
On-line prístup:http://is.stuba.sk/zp/portal_zp.pl?podrobnosti=178844
Tagy: Pridať tag
Žiadne tagy, Buďte prvý, kto otaguje tento záznam!

MARC

LEADER 00000ntm a22000003a 4500
001 stuzp98368
003 SK-STU
005 20240608212035.7
007 ta
008 150427s2015----xo-----f-mn---000-0-slo-d
040 |a STU  |b slo 
041 0 |a slo 
100 1 |a Bím, Lukáš  |u 050000  |4 aut  |T FAD Fakulta architektúry a dizajnu  |X 93628  |U A  |Y 50  |7 93628 
242 0 1 |a Ski centre and cabins  |y eng 
245 1 0 |a Lyžiarske centrum a kabíny 
260 |c 2024 
650 4 |a lyžovanie  |2 slo 
650 4 |a príroda  |2 slo 
650 4 |a drevo  |2 slo 
650 4 |a skiing  |2 eng 
650 4 |a wood  |2 eng 
650 4 |a nature  |2 eng 
700 1 |a Šimkovič, Vladimír  |4 ths  |X 394  |7 A000000394 
856 4 |u http://is.stuba.sk/zp/portal_zp.pl?podrobnosti=178844